[Event "BL 0304 SK König Plauen - SG Köln Porz"]
[[Site "Plauen"]
[Date "2003.12.13"]
[Round "5.5"]
[White "Graf, Alexander"]
[Black "Kuraszkiewicz, Michael"]
[Result "1-0"]
[WhiteElo "2646"]
[BlackElo "2304"]
[PlyCount "91"]
[EventDate "2003.12.13"]

1. d4 d5 2. c4 c6 3. Nf3 Nf6 4. Nc3 a6 5. c5 Nbd7 6. Bf4 Nh5 7. Bd2 Nhf6 8. Rc1
g6 9. h3 Bg7 10. Bf4 O-O 11. e3 Ne4 12. Be2 Nxc3 13. bxc3 b6 14. cxb6 Qxb6 15.
O-O c5 16. Qa4 h6 17. Rb1 Qe6 18. Nd2 cxd4 19. cxd4 Nf6 20. Qa5 Bd7 21. Rb6 Qf5
22. Bxa6 Bc8 23. Rc1 Qd7 24. Nb3 Ne4 25. Rc7 Qd8 26. Rxc8 Rxc8 27. Bxc8 Qxc8
28. Nc5 g5 29. Bb8 g4 30. Nxe4 dxe4 31. Qc5 Qd7 32. hxg4 Qxg4 33. Rb1 Kh7 34.
Qxe7 Qg6 35. Bg3 Rg8 36. Qd7 Bf6 37. Rb5 Ra8 38. Qd5 Rc8 39. Qf5 Ra8 40. Qxg6+
Kxg6 41. Rb2 Ra5 42. Bd6 Bg5 43. a3 Kf5 44. Rb7 Ke6 45. Bb4 Ra8 46. Rb5 1-0